000 00530cam a2200205ua 4500
020 _c24.50
041 _aeng
_h
082 _a530
_bMAR/PH
100 _aMargenace, Henry .
245 _aPhysics: Principles and applications /
_cHenry Margenace.
_hTextual Documents
250 _a2 /
_b.
260 _aNew York :
_bMcGraw Hill Book Company ,
_c1953.
300 _a806 ; .
365 _a24.50
504 _a
700 1 _aMongomery , C.G .
700 1 _aWatson, William W .
942 _cBK
999 _c7521
_d7521